Most Valuable Football Players in LaLiga (Top50) - Statistics

General Stats
  • This quiz has been taken 55 times
    16 since last reset
  • The average score is 29 of 50
Answer Stats
Player % Correct
Federico Valverde
100%
Jude Bellingham
100%
Julián Alvarez
100%
Kylian Mbappé
100%
Lamine Yamal
100%
Pau Cubarsí
100%
Pedri
100%
Raphinha
100%
Arda Güler
93%
Aurélien Tchouaméni
93%
Vinicius Junior
93%
Jules Koundé
79%
Rodrygo
71%
Trent Alexander-Arnold
71%
Álvaro Carreras
64%
Dani Olmo
64%
Dean Huijsen
64%
Frenkie de Jong
64%
Nico Williams
64%
Pablo Barrios
64%
Alejandro Balde
57%
Eduardo Camavinga
57%
Franco Mastantuono
57%
Giuliano Simeone
57%
Álex Baena
50%
Conor Gallagher
50%
Fermín López
50%
Marcus Rashford
50%
Oihan Sancet
50%
Ronald Araujo
50%
Takefusa Kubo
50%
Antony
43%
Brahim Díaz
43%
Dávid Hancko
43%
Éder Militão
43%
Ferran Torres
43%
Gavi
43%
Raúl Asencio
43%
Mikel Oyarzabal
36%
Robin Le Normand
36%
Vitor Reis
36%
Alberto Moleiro
29%
Eric García
29%
Joan García
29%
Marc Casadó
29%
Renato Veiga
29%
Dani Vivian
21%
Georges Mikautadze
21%
Unai Simón
21%
Mikel Jauregizar
14%
No matching quizzes found
Score Distribution
Percent of People with Each Score
Percentile by Number Answered
Your Score History
You have not taken this quiz since the last reset